Globalizácia a rozhodovacie procesy v osobnej železničnej doprave v SR

Riadiace a rozhodovacie procesy v železničných podnikoch zabezpečujúcich prepravu osôb uskutočňovanú vo všetkých oblastiach a na všetkých stupňoch riadenia. Vplyv globalizácie na rozhodovacie procesy v osobnej železničnej doprave.

Enregistré dans:
Détails bibliographiques
Auteur principal: Dolinayová, Anna
Format: Chapitre de livre
Langue:slovaque
Sujets:
Tags: Ajouter un tag
Pas de tags, Soyez le premier à ajouter un tag!

MARC

LEADER 00000nla$a2200000$$$4500
001 0142563
005 20221103134154.0
041 0 |a slo 
044 |a SK 
245 1 0 |a Globalizácia a rozhodovacie procesy v osobnej železničnej doprave v SR  |c Anna Dolinayová 
520 |a Riadiace a rozhodovacie procesy v železničných podnikoch zabezpečujúcich prepravu osôb uskutočňovanú vo všetkých oblastiach a na všetkých stupňoch riadenia. Vplyv globalizácie na rozhodovacie procesy v osobnej železničnej doprave. 
610 2 0 |a doprava železničná osobná 
610 2 0 |a siete železničné 
610 2 0 |a železnice 
610 2 0 |a infraštruktúra dopravná 
610 2 0 |a riadenie 
610 2 0 |a manažment 
610 2 0 |a procesy rozhodovacie 
610 2 0 |a stupne riadiace 
610 2 0 |a konkurencia 
610 2 0 |a globalizácia 
100 1 |a Dolinayová, Anna